School-based community service : what we know from research and theory (Record no. 76559)
[ view plain ]
| 000 -CABECERA | |
|---|---|
| campo de control de longitud fija | 00674nam a2200241 a 4500 |
| 005 - FECHA Y HORA DE LA ÚLTIMA TRANSACCIÓN | |
| campo de control | 20210219153428.0 |
| 008 - ELEMENTOS DE LONGITUD FIJA--INFORMACIÓN GENERAL | |
| campo de control de longitud fija | 991125n 000 0 u |
| 035 ## - NÚMERO DE CONTROL DEL SISTEMA | |
| Número de control de sistema | UPN01000098422 |
| 100 ## - ASIENTO PRINCIPAL--NOMBRE PERSONAL | |
| Nombre de persona | Conrad, Dan |
| 222 ## - TÍTULO CLAVE | |
| Título clave | PHI DELTA KAPPAN |
| 245 ## - MENCIÓN DE TÍTULO | |
| Título | School-based community service : what we know from research and theory |
| 300 ## - DESCRIPCIÓN FÍSICA | |
| Extensión | 743-749 |
| 362 ## - FECHAS DE PUBLICACIÓN Y/O DESIGNACIÓN SECUENCIAL | |
| Fecha de publicación y/o designación secuencial | 72, No. 10, 1991 |
| 505 ## - NOTA DE CONTENIDO CON FORMATO PREESTABLECIDO | |
| Nota de contenido con formato | Octubre 1991 |
| 653 0# - TERMINO DE INDIZACION - NO CONTROLADO | |
| Término no controlado | DESARROLLO SOCIAL |
| 653 0# - TERMINO DE INDIZACION - NO CONTROLADO | |
| Término no controlado | ESTRATEGIAS DE APRENDIZAJE |
| 653 0# - TERMINO DE INDIZACION - NO CONTROLADO | |
| Término no controlado | LEGISLACION FEDERAL |
| 653 0# - TERMINO DE INDIZACION - NO CONTROLADO | |
| Término no controlado | PROGRAMAS COMUNITARIOS |
| 653 0# - TERMINO DE INDIZACION - NO CONTROLADO | |
| Término no controlado | PROGRAMAS PARA JOVENES |
| 700 ## - ASIENTO SECUNDARIO--NOMBRE DE PERSONAL | |
| Nombre de persona | Hedin, Diane |
| 904 ## - ELEMENTOS DE DATOS D LOCAL, LDD (RLIN) | |
| a | AC |
| b | 036233 |
| 905 ## - TIPO DE MATERIAL | |
| Tipo de material | Articulo |
No items available.
